00494nam a22001577a 450000500170000001000130001702000260003003500130005603700130006908200080008210000160009024501130010626000340021927000450025330000380029820190711110530.0 aB-728475 a9789385888786c210.00 aB-728475 bRK Books a158 aSingh,B. K. aUpkar's railway recruitment board assistant station master:bpsychological & aptitude test /cby B. K. Singh aAgrabUpkar Prakashanc(201?) a2/11A, Swadeshi Bima NagarbAgrae282002 avarious pagings:bill.c27cm(pbk)